[Event "Recife JEBS op"]
[Site "Recife"]
[Date "2024.09.29"]
[Round "4"]
[White "Ramalho, Lucas Pereira"]
[Black "Silveira, Samuel Oliveira Bor"]
[Result "1-0"]
[WhiteElo "1799"]
[BlackElo "1841"]
[PlyCount "57"]
[EventDate "2024.09.28"]
[EventType "swiss"]
[EventRounds "6"]
[EventCountry "BRA"]
[SourceTitle "EXT 2025"]
[Source "ChessBase"]
[SourceDate "2024.10.14"]
[SourceVersion "1"]
[SourceVersionDate "2024.10.14"]
[SourceQuality "1"]

1. e4 c6 2. d4 d5 3. e5 Bf5 4. h4 h6 5. g4 Be4 6. f3 Bh7 7. e6 fxe6 8. Bd3 Bxd3 9. Qxd3 Qd6 10. f4 Nf6 11. Nf3 Ne4 12. Ne5 Nd7 13. Nd2 Nxe5 14. fxe5 Qd7 15. Nxe4 dxe4 16. Qxe4 0-0-0 17. Be3 Qd5 18. Qxd5 exd5 19. 0-0 e6 20. Rf7 Kb8 21. h5 b6 22. c3 c5 23. Raf1 Rg8 24. Kg2 cxd4 25. cxd4 Re8 26. Rd7 Re7 27. Rd8+ Kc7 28. Rdxf8 Rxf8 29. Rxf8 1-0